书目信息 |
| 题名: |
走出应试心理失常的误区
|
|
| 作者: | 阴国恩 , 吕勇 | |
| 分册: | ||
| 出版信息: | 天津 南开大学 1998 |
|
| 页数: | 150页 | |
| 开本: | 20cm | |
| 丛书名: | ||
| 单 册: | ||
| 中图分类: | B849:G44 | |
| 科图分类: | ||
| 主题词: | 应用心理学 | |
| 电子资源: | ||
| ISBN: | 7-310-01040-X | |
| 000 | 00567nam0 2200193 450 | |
| 001 | 0753865015 | |
| 005 | 20070818145745.01 | |
| 010 | @a7-310-01040-X@d¥6.00 | |
| 100 | @a20070818d km y0chiy0120 ea | |
| 101 | 0 | @achi |
| 200 | 1 | @a走出应试心理失常的误区@Azou chu ying shi xin li shi chang de wu qu@f吕勇,阴国恩@Flu yong,yin guo en |
| 210 | @a天津@c南开大学@d1998 | |
| 215 | @a150页@d20cm | |
| 606 | 0 | @a应用心理学 |
| 690 | @aB849:G44@v3 | |
| 701 | 0 | @a阴国恩@Ayin guo en |
| 701 | 0 | @a吕勇@Alu yong |
| 801 | 0 | @aCN@bPFT@c20070818 |
| 905 | @a213230@dB849:G44@ee139@f1 | |
| 走出应试心理失常的误区/吕勇,阴国恩.-天津:南开大学,1998 |
| 150页;20cm |
| ISBN 7-310-01040-X:¥6.00 |
| ● |
| 相关链接 |
|
|
|
|
正题名:走出应试心理失常的误区
索取号:B849:G44/e139
 
预约/预借
| 序号 | 登录号 | 条形码 | 馆藏地/架位号 | 状态 | 备注 |
| 1 | 6300210 | 263002100 | 教育系资料室/ [索取号:B849:G44/e139] | 在馆 |